| 000 | 00633nam a2200205Ia 4500 | ||
|---|---|---|---|
| 003 | GCL | ||
| 008 | 140319s9999 xx 000 0 ara d | ||
| 040 |
_aGCL / _cGCL |
||
| 082 | 0 | 4 |
_a324.2 _bم ا |
| 100 | 1 | _aماجد راغب الحلو | |
| 245 | 1 | 0 |
_aالاستفتاء الشعبى والشريعة الاسلامية / _cماجد راغب الحلو |
| 260 |
_a[S.N] : _bدار المطبوعات الجامعية ، _c1983 |
||
| 300 | _a492 | ||
| 490 | _a | ||
| 650 | 0 | 4 | _aالانتخابات |
| 650 | 0 | 4 | _aالسياسة |
| 650 | 0 | 4 | _aالاستفتاء |
| 650 | 0 | 4 | _aقياس الرأى العام |
| 942 |
_2ddc _cBK |
||
| 999 |
_c30785 _d30785 |
||